000 00344 a2200169 4500
001 192113
020 _a978-85-322-9090-8
040 _cMagnum
100 _aAbreu, Márcia
240 1 0 _aMorrer amanhã
_lpor
245 1 0 _aMorrer amanhã
300 _a317
362 0 _a2014
440 1 _aFTD
697 _aLITERATURA GERAL
942 _cBK
999 _c192113
_d192113